|
|
|
|
| LEADER |
00000nam2a2200000 4500 |
| 001 |
290033 |
| 005 |
20231102000238.0 |
| 035 |
|
|
|a (RuTPU)RU\TPU\book\314563
|
| 090 |
|
|
|a 290033
|
| 100 |
|
|
|a 20150403d1977 k y0rusy50 ca
|
| 101 |
0 |
|
|a rus
|
| 102 |
|
|
|a RU
|
| 105 |
|
|
|a a z 001zy
|
| 200 |
0 |
|
|a Вып. 230 : Разработка катализаторов и аппаратуры для сернокислотного производства. Раздел 1 : Ванадиевые катализаторы производства серной кислоты. Раздел 2 : Исследование и разработка аппаратуры для производства серной кислоты
|
| 210 |
|
|
|d 1977
|
| 215 |
|
|
|a 165 с.
|c ил.
|
| 320 |
|
|
|a Библиография в конце статей
|
| 461 |
|
1 |
|0 (RuTPU)RU\TPU\book\314186
|t Минеральные удобрения и серная кислота
|o [сборник трудов]
|f Научный институт по удобрениям и инсектофунгисидам им. Я. В. Самойлова
|v Вып. 230 : Разработка катализаторов и аппаратуры для сернокислотного производства. Раздел 1 : Ванадиевые катализаторы производства серной кислоты. Раздел 2 : Исследование и разработка аппаратуры для производства серной кислоты
|d 1965-1978
|s Труды [НИУИФ]
|
| 606 |
1 |
|
|a Сернокислотное производство
|x Автоматизация
|2 stltpush
|3 (RuTPU)RU\TPU\subj\32061
|9 54734
|
| 610 |
1 |
|
|a сернистый ангидрид
|
| 610 |
1 |
|
|a окисление
|
| 610 |
1 |
|
|a кинетика
|
| 610 |
1 |
|
|a ванадиевые катализаторы
|
| 610 |
1 |
|
|a реакционная среда
|
| 610 |
1 |
|
|a активные компоненты
|
| 610 |
1 |
|
|a носители
|
| 610 |
1 |
|
|a смачивание
|
| 610 |
1 |
|
|a пористая структура
|
| 610 |
1 |
|
|a сложные обратимые реакции
|
| 610 |
1 |
|
|a кинетические уравнения
|
| 610 |
1 |
|
|a структура
|
| 610 |
1 |
|
|a двуокись серы
|
| 610 |
1 |
|
|a сернистый газ
|
| 675 |
|
|
|a 661.25
|v 4
|
| 801 |
|
1 |
|a RU
|b 63413507
|c 20150403
|
| 801 |
|
2 |
|a RU
|b 63413507
|c 20170606
|g RCR
|
| 942 |
|
|
|c BK
|